| 000 | 01435nam a22003857a 4500 | ||
|---|---|---|---|
| 003 | CHAP | ||
| 005 | 20220329135333.0 | ||
| 008 | 971013s1985 r 00010 d | ||
| 010 | _a34648 | ||
| 011 | _a35620 | ||
| 035 | _a39736 | ||
| 040 | _cCHAP | ||
| 090 | _aTesis | ||
| 100 | 0 | 0 |
_aOjeda Trejo, Enrique. _982917 |
| 245 | _aVariables del censo agropecuario, tipología de uso de la tierra y su relación con las regiones subregiones terrestres del eje neovolcánico | ||
| 260 |
_aChapingo, Méx. : _bEl autor, _c1985 |
||
| 300 |
_a86 h. _b; apénd. ; mapas |
||
| 502 | _aTesis (M. C. Esp. en Edafología) -- Colegio de Postgraduados. Centro de Edafología | ||
| 590 |
_aALEPH _b10 _c20130110 _lUCH01 _h1300 |
||
| 590 |
_aBATCH-UPD _b10 _c20130110 _lUCH01 _h0018 |
||
| 590 |
_aBATCH-UPD _b10 _c20130110 _lUCH01 _h1809 |
||
| 590 |
_aBATCH-UPD _b10 _c20130409 _lUCH01 _h1957 |
||
| 590 |
_aBATCH-UPD _b10 _c20130410 _lUCH01 _h1144 |
||
| 590 |
_aBATCH-UPD _b10 _c20130914 _lUCH01 _h1250 |
||
| 590 |
_aCONVERSION _b10 _c20130109 _lUCH01 _h1319 |
||
| 650 | 1 | 4 |
_aEje neovolcánico. _935833 |
| 650 | 1 | 4 |
_aLevantamiento fisiográfico _zMéxico. _966421 |
| 650 | 1 | 4 |
_aTierras _xEvaluación. _9113113 |
| 650 | 1 | 4 |
_aTierras _xUtilización. _9113219 |
| 901 | _aBK | ||
| 942 | _cFOLL | ||
| 949 |
_bBC _cTES _d-90635 _eTS1 _h17045 _i39736 _si |
||
| 949 |
_bBC _cTES _d-90637 _eTS2 _fc.2 _h17046 _i39736 _si |
||
| 949 |
_bBC _cTES _d-90640 _eTS2 _fc.3 _h17047 _i39736 _si |
||
| 999 |
_c34648 _d34648 |
||